Encryption in Payment Card Systems
Saved in:
| Main Author: | |
|---|---|
| Other Authors: | |
| Format: | Manuscript Book |
| Language: | Slovak English |
| Published: |
2023
|
| Subjects: | |
| Online Access: | http://is.stuba.sk/zp/portal_zp.pl?podrobnosti=155195 |
| Tags: |
No Tags, Be the first to tag this record!
|
MARC
| LEADER | 00000ntm a22000003a 4500 | ||
|---|---|---|---|
| 001 | stuzp92393 | ||
| 003 | SK-STU | ||
| 005 | 20230909213012.5 | ||
| 007 | ta | ||
| 008 | 150427s2015----xo-----f-mn---000-0-slo-d | ||
| 040 | |a STU |b slo | ||
| 041 | 0 | |a eng | |
| 100 | 1 | |a Todorović, Miroslav |u 070200 |4 aut |U FIIT Fakulta informatiky a informačných technológií |T FIIT Ústav informatiky, informačných systémov a softvérového inžinierstva |X 103163 |U I200 |Y 179 |7 103163 | |
| 242 | 0 | 1 | |a Šifrovanie v systémoch platobných kariet |y slo |
| 245 | 1 | 0 | |a Encryption in Payment Card Systems |
| 260 | |c 2023 | ||
| 650 | 4 | |a end-to-end šifrovanie |2 slo | |
| 650 | 4 | |a metódy šifrovania |2 slo | |
| 650 | 4 | |a systémy platobných kariet |2 slo | |
| 650 | 4 | |a encryption methods |2 eng | |
| 650 | 4 | |a payment card systems |2 eng | |
| 650 | 4 | |a end-to-end encryption |2 eng | |
| 700 | 1 | |a Ranković, Marko |4 ths |X 119678 |7 119678 | |
| 856 | 4 | |u http://is.stuba.sk/zp/portal_zp.pl?podrobnosti=155195 | |